00310nam a2200109Ia 4500008004100000082001400041100002000055245004000075260003100115300000800146650004600154191201s2018 xx 000 0 und d a572.3 MAB aMAHURKAR, Nitin 0aBiochemistry and clinical pathology bBirla PubaNew delhic2018 a192 aApplied Biochemistry & Clinical Chemistry